| 000 | 00565nam a22001817a 4500 | ||
|---|---|---|---|
| 005 | 20251108164657.0 | ||
| 008 | 250721s1980 xx 000 0 ara d | ||
| 082 | 1 | 4 | _a740.7/محم |
| 100 | 1 | _aتنبكجي، محمد عدنان | |
| 245 | 1 | 0 |
_aكيف تتعلم الرسم و تعلمه : _bأبحاث جديده في الكاريكاتير و التلوين / |
| 250 | _aط4. | ||
| 264 | 1 |
_aدمشق : _bدار دمشق، _c1980. |
|
| 300 | _a278ص : مص | ||
| 650 | 1 | 7 | _aالرسم |
| 700 | 1 | _aزريق، معروف | |
| 942 |
_2ddc _cBK |
||
| 999 |
_c11595 _d11595 |
||